|
|
|
|
| LEADER |
06524nam a22004093i 4500 |
| 001 |
EBC7100884 |
| 003 |
MiAaPQ |
| 005 |
20240729202203.0 |
| 006 |
m o d | |
| 007 |
cr cnu|||||||| |
| 008 |
240729s1969 xx o ||||0 ger d |
| 020 |
|
|
|a 9783428422852
|q (electronic bk.)
|
| 020 |
|
|
|z 9783428022854
|
| 035 |
|
|
|a (MiAaPQ)EBC7100884
|
| 035 |
|
|
|a (Au-PeEL)EBL7100884
|
| 035 |
|
|
|a (OCoLC)1347025902
|
| 040 |
|
|
|a MiAaPQ
|b eng
|e rda
|e pn
|c MiAaPQ
|d MiAaPQ
|
| 100 |
1 |
|
|a Thalheim, Karl C.
|
| 245 |
1 |
0 |
|a Wachstumsprobleme in Den Osteuropäischen Volkswirtschaften :
|b Bd. II.
|
| 250 |
|
|
|a 1st ed.
|
| 264 |
|
1 |
|a Berlin :
|b Duncker & Humblot,
|c 1969.
|
| 264 |
|
4 |
|c {copy}1970.
|
| 300 |
|
|
|a 1 online resource (388 pages)
|
| 336 |
|
|
|a text
|b txt
|2 rdacontent
|
| 337 |
|
|
|a computer
|b c
|2 rdamedia
|
| 338 |
|
|
|a online resource
|b cr
|2 rdacarrier
|
| 490 |
1 |
|
|a Schriften des Vereins Für Socialpolitik Series
|
| 505 |
0 |
|
|a Intro -- Vorbemerkung -- Inhaltsverzeichnis -- Prof. Dr. Karl C. Thalheim: Probleme des Wirtschaftswachstums in Mitteldeutschland -- 1. Die Ausgangssituation -- 2. Der Einfluß der Sowjetisierung -- 3. Wirtschaftsplanung und Wirtschaftswachstum -- 4. Die Bedeutung der Planungsreformen -- 5. Wachstumsziele im Wandel -- 6. Voraussetzungen des Wirtschaftswachstums -- a) Investitionen und Finanzierung -- b) Die Arbeitskräfte -- c) Der Einfluß der außenwirtschaftlichen Beziehungen -- 7. Zur statistischen Erfassung des Wachstumsprozesses -- Dr. Helmut Klocke: Wachstumsprobleme in der Tschechoslowakei -- 1. Aspekte des Wirtschaftswachstums in der volkswirtschaftlichen Theorie der Tschechoslowakei -- 2. Das Wirtschaftswachstum vor dem Zweiten Weltkriege -- 3. Die Voraussetzungen des Wachstums -- a) Die natürliche Ausstattung des Wirtschaftsraumes -- b) Die Arbeitskräfte -- c) Arbeitskräfte und Arbeitsproduktivität -- d) Die durch Wirtschaftssystem und Wirtschaftspolitik gegebenen Voraussetzungen des Wachstums -- e) Der Einfluß der Außenwirtschaft -- 4. Die im Rahmen der Planung aufgestellten Wachstumsziele -- 5. Das tatsächliche Wirtschaftswachstum 1945 bis 1963/64 -- a) Allgemeines -- b) Die Agrarproduktion -- c) Die Industrie -- 6. Strukturwandlungen als Folge des Wirtschaftswachstums -- 7. Zusammenfassung und kritische Gesamtwürdigung des bisherigen Wachstumsprozesses -- 8. Die Aussichten des künftigen Wirtschaftswachstums -- Oliver von Gajzágó: Wachstumsprobleme der ungarischen Volkswirtschaft -- 1. Die natürlichen Voraussetzungen des Wachstums -- 2. Die Arbeitskraftquellen des Wachstums -- 3. Die finanziellen Quellen des Wachstums. Investitionen und Entwicklung der Grundmittel -- 4. Die Entwicklung der ungarischen Volkswirtschaft nach dem Zweiten Weltkrieg -- 5. Die Wachstumsprobleme der ungarischen Volkswirtschaft.
|
| 505 |
8 |
|
|a Prof. Dr. Kurt Wessely: Wachstumsprobleme der jugoslawischen Wirtschaft -- 1. Überblick über die Entwicklung der jugoslawischen Wirtschaft -- 2. Die Lage der jugoslawischen Wirtschaft vor der Reform 1965 -- 3. Grundsätze der jugoslawischen Wirtschaftsplanung -- 4. Selbstverwaltung und Markteinflüsse in der jugoslawischen Wirtschaft -- 5. Förderung von Entwicklungsgebieten -- 6. Marktgeschehen und Preispolitik -- 7. Außenwirtschaft als Wachstumsfaktor -- 8. Struktur und Finanzierung der Investitionen -- 9. Strukturänderungen und Beschäftigungslage -- 10. Entwicklung der jugoslawischen Landwirtschaft -- 11. Der IV. Fünfjahrplan 1966/1970 -- 12. Zielsetzung und vorläufige Ergebnisse der Reformen von 1965 -- Prof. Dr. Kurt Wessely: Wirtschaftswachstum in Rumänien -- 1. Binnen- und außenwirtschaftliche Grundlagen des rumänischen Wirtschaftswachstums -- 2. Weg und Voraussetzung der Industrialisierung Rumäniens -- 3. Produktionsgrundlagen der rumänischen Industrie -- 4. Wachstumsziele im Fünfjahrplan Rumäniens 1966/1970 -- 5. Planung und Finanzierung der Investitionen -- 6. Wirtschaftliche Reorganisationsmaßnahmen -- Dr. Theodor D. Zotschew: Wachstumsprobleme Bulgariens -- I. Struktur- und systembedingte Wachstumsprobleme der bulgarischen Volkswirtschaft -- II. Wirtschaftswachstum und sozialökonomischer Strukturwandel in ihrer Inderdependenz -- 1. Nationaleinkommen und gesellschaftliches Gesamtprodukt -- 2. Kapitalakkumulation, Investitionen und Verbrauch -- 3. Sozialökonomischer Strukturwandel -- a) Demographische und infrastrukturelle Probleme -- b) Arbeitskräftepotential, Beschäftigung und Arbeitsproduktivität -- III. Wachstumsperspektiven bis 1970 -- 1. Industrie -- 2. Landwirtschaft -- 3. Transport- und Nachrichtenwesen -- IV. Wachstumsprobleme im Lichte des außenwirtschaftlichen Verkehrs -- V. Reformbestrebungen als Folge der Wachstumsprobleme.
|
| 505 |
8 |
|
|a 1. Hintergründe der Reformen -- 2. Das neue System -- VI. Zusammenfassung und Ausblick -- Prof. Dr. W. M. Frhr. v. Bissing: Volkswirtschaftliches Wachstums und Reformen des Wirtschaftssystems sowjetischen Typs -- Das Wirtschaftswachstum der europäischen Mitgliedsstaaten des „Rates für Gegenseitige Wirtschaftshilfe" im internationalen Schrifttum. Bibliographische Nachweise -- Bearbeitet von Dr. Gerhard Teich -- Bibliographien -- Gesamtheit der europäischen Mitgliedsstaaten des RGW -- Sowjetunion -- Bulgarien und Rumänien -- Deutsche Demokratische Republik -- Polen -- Tschechoslowakei -- Ungarn -- Gesamtheit der europäischen Mitgliedsstaaten des RGW -- Veröffentlichungen außerhalb der RGW-Länder -- Veröffentlichungen aus den RGW-Ländern und Jugoslawien -- Sowjetunion -- Veröffentlichungen außerhalb der RGW-Länder -- Veröffentlichungen aus der UdSSR, den RGW-Ländern sowie Jugoslawien -- Regionales Wirtschaftswachstum in der UdSSR -- Bulgarien -- Deutsche Demokratische Republik -- Polen -- Rumänien -- Tschechoslowakei -- Ungarn -- Nachwort des Bearbeiters.
|
| 588 |
|
|
|a Description based on publisher supplied metadata and other sources.
|
| 590 |
|
|
|a Electronic reproduction. Ann Arbor, Michigan : ProQuest Ebook Central, 2024. Available via World Wide Web. Access may be limited to ProQuest Ebook Central affiliated libraries.
|
| 655 |
|
4 |
|a Electronic books.
|
| 776 |
0 |
8 |
|i Print version:
|a Thalheim, Karl C.
|t Wachstumsprobleme in Den Osteuropäischen Volkswirtschaften
|d Berlin : Duncker & Humblot,c1969
|z 9783428022854
|
| 797 |
2 |
|
|a ProQuest (Firm)
|
| 830 |
|
0 |
|a Schriften des Vereins Für Socialpolitik Series
|
| 856 |
4 |
0 |
|u https://ebookcentral.proquest.com/lib/matrademy/detail.action?docID=7100884
|z Click to View
|